| 000 | 01324nmc a2200469 a 4500 | ||
|---|---|---|---|
| 003 | AR-BaBNM | ||
| 005 | 20251128204745.0 | ||
| 008 | 176019s1993 ||||||||||||||000 | spa|| | ||
| 020 | _a950-581-078-4 | ||
| 040 | _cAR-BaBNM | ||
| 245 | 1 | 0 |
_aCuentos para el primer nivel _bantología |
| 250 | _a1ª ed. | ||
| 260 |
_aBuenos Aires _bColihue _c1993 |
||
| 300 | 0 |
_a141 p. _bil. |
|
| 490 | 0 |
_aLeer y crear _vv. 78 |
|
| 500 | 0 | _aContiene índice general | |
| 500 | 0 | _aPropuestas de trabajo para los alumnos | |
| 500 | 0 | _aBiografía del autor | |
| 504 | _aBibliografía del autor y de la obra | ||
| 600 | 1 | 4 | _aGaleano, Eduardo |
| 600 | 1 | 4 | _aAnderson Imbert, Enrique |
| 600 | 1 | 4 | _aVerissimo, Luis Fernando |
| 600 | 1 | 4 | _aSouto, Marcial |
| 600 | 1 | 4 | _aNale Roxlo, Conrado |
| 600 | 1 | 4 | _aFinney, Jack |
| 600 | 1 | 4 | _aChaviano, Daina |
| 600 | 1 | 4 | _aPérez Zelaschi, Adolfo |
| 600 | 1 | 4 | _aNaranjo, Carmen |
| 600 | 1 | 4 | _aKishon, Ephraim |
| 600 | 1 | 4 | _aPaz, Senel |
| 650 | 4 | _aEDUCACION | |
| 650 | 4 | _aCIENCIA FICCION | |
| 650 | 4 | _aLITERATURA DE FICCION | |
| 653 | 0 | _aEDUCACION SECUNDARIA | |
| 653 | 0 | _aCUENTO FANTASTICO | |
| 653 | 0 | _aCUENTO POLICIAL | |
| 655 | _aLITERATURA | ||
| 700 | 1 |
_aDayan, Eduardo Marcelo _eprologuista |
|
| 800 | 1 |
_aPetruzzi, Herminia _edirector |
|
| 942 | _cBK | ||
| 998 | _cisola | ||
| 999 |
_c8696 _d8696 |
||